[Event "Titled Tue 24th Jun Early"]
[Site "chess.com INT"]
[Date "2025.06.24"]
[Round "2"]
[White "Sorokin, Aleksey"]
[Black "Yaniuk, Volodymyr"]
[Result "1-0"]
[WhiteTitle "GM"]
[WhiteElo "2530"]
[BlackElo "2223"]
[WhiteFideId "24176460"]
[BlackFideId "14133083"]
[EventDate "2025.06.24"]

1. d4 d5 2. c4 e6 3. Nc3 Nf6 4. cxd5 exd5 5. Bg5 c6 6. e3 Be7 7. Bd3 Nbd7 8. Qc2
h6 9. Bf4 Nb6 10. Nf3 Nh5 11. Be5 O-O 12. h3 Nc4 13. g4 Nf6 14. g5 hxg5 15. Nxg5
Nxe5 16. dxe5 Nh5 17. Bh7+ Kh8 18. Bg8 f5 19. Nf7+ Kxg8 20. Nxd8 Bxd8 21. Qe2 g6
22. Rg1 Kh7 23. O-O-O Be6 24. Rg2 Bf7 25. Rdg1 Ng7 26. f3 Bb6 27. Qf2 Nh5 28.
Ne2 f4 29. Nd4 fxe3 30. Qxe3 Rae8 31. f4 Re7 32. Rg5 Be8 33. f5 gxf5 34. Rxh5+
Bxh5 35. Qg5 1-0

[Event "Titled Tue 24th Jun Early"]
[Site "chess.com INT"]
[Date "2025.06.24"]
[Round "2"]
[White "Ugorek, Kacper"]
[Black "Adewumi, Tanitoluwa"]
[Result "0-1"]
[WhiteTitle "CM"]
[BlackTitle "FM"]
[WhiteElo "2262"]
[BlackElo "2362"]
[WhiteFideId "21890676"]
[BlackFideId "30966396"]
[EventDate "2025.06.24"]

1. f4 g6 2. Nf3 Bg7 3. g3 b6 4. Bg2 Bb7 5. O-O d6 6. d3 e6 7. e4 Nd7 8. Be3 Bxb2
9. Nbd2 Bxa1 10. Qxa1 Ngf6 11. f5 gxf5 12. exf5 e5 13. Nxe5 Bxg2 14. Nxd7 Kxd7
15. Kxg2 Re8 16. Qd4 c5 17. Qa4+ Kc7 18. Bg5 Re2+ 19. Kg1 h6 20. Bf4 Qd7 21. Qb3
Nh5 22. Bxh6 Rh8 23. Bg7 Nxg7 24. Nf3 Nxf5 25. Qd5 Ne3 26. Qe4 Re8 27. Ne5 Rxe5
28. Qa8 Rg2+ 29. Kh1 Rxh2+ 30. Kxh2 Qh3+ 31. Kxh3 Rh5# 0-1

[Event "Titled Tue 24th Jun Early"]
[Site "chess.com INT"]
[Date "2025.06.24"]
[Round "2"]
[White "Genkeswaran, Genivan"]
[Black "FAWOLE, John Oyeyemi"]
[Result "1-0"]
[WhiteTitle "CM"]
[BlackTitle "FM"]
[WhiteElo "2124"]
[BlackElo "1987"]
[WhiteFideId "5754496"]
[BlackFideId "8501319"]
[EventDate "2025.06.24"]

1. e4 c5 2. Nf3 d6 3. d4 cxd4 4. Nxd4 Nf6 5. Nc3 a6 6. Bd3 Nc6 7. Be3 e6 8. O-O
Be7 9. Qd2 O-O 10. f4 Qc7 11. f5 Bd7 12. h3 b5 13. g4 b4 14. Nce2 Ne5 15. g5 Nh5
16. Nf3 Kh8 17. Nxe5 dxe5 18. Qe1 Bc5 19. Qf2 Rfc8 20. Kg2 g6 21. f6 Bxe3 22.
Qxe3 Qc5 23. Qxc5 Rxc5 24. Kf3 Bb5 25. Rac1 Rac8 26. h4 Kg8 27. Rfd1 Kf8 28.
Bxb5 Rxb5 29. Rd7 Rbc5 30. Rcd1 h6 31. Rd8+ 1-0

[Event "Titled Tue 24th Jun Early"]
[Site "chess.com INT"]
[Date "2025.06.24"]
[Round "2"]
[White "Papasimakopoulos, Alexandros"]
[Black "Arslanov, Shamil"]
[Result "1-0"]
[WhiteTitle "IM"]
[BlackTitle "IM"]
[WhiteElo "2366"]
[BlackElo "2410"]
[WhiteFideId "4244125"]
[BlackFideId "4192826"]
[EventDate "2025.06.24"]

1. d4 d6 2. Nf3 Nf6 3. c4 Bf5 4. Nc3 c6 5. Nh4 Bg6 6. Nxg6 hxg6 7. g3 Nbd7 8.
Bg2 e5 9. e3 Be7 10. O-O Qc7 11. b4 O-O 12. Bb2 Rfe8 13. b5 Bf8 14. a4 a5 15.
Qd3 Rad8 16. bxc6 bxc6 17. Rab1 Nb8 18. Rfc1 Na6 19. Ba3 e4 20. Qc2 d5 21. Bxf8
Rxf8 22. cxd5 cxd5 23. Nb5 Qxc2 24. Rxc2 Nb4 25. Rc7 Rc8 26. Rbc1 Rxc7 27. Rxc7
Ra8 28. Bh3 Ne8 29. Rc5 f5 30. g4 fxg4 31. Bxg4 Nf6 32. Be6+ Kf8 33. Rc7 Ne8 34.
Rf7+ Kg8 35. Ra7+ 1-0

[Event "Titled Tue 24th Jun Early"]
[Site "chess.com INT"]
[Date "2025.06.24"]
[Round "2"]
[White "Laddha, Shubh Jayesh"]
[Black "Fizer, Marek"]
[Result "1-0"]
[WhiteTitle "FM"]
[BlackTitle "CM"]
[WhiteElo "2303"]
[BlackElo "2186"]
[WhiteFideId "30942799"]
[BlackFideId "391980"]
[EventDate "2025.06.24"]

1. d4 d5 2. Nc3 Nf6 3. Bf4 a6 4. e3 b5 5. a3 Bb7 6. Nf3 Nbd7 7. Bd3 e6 8. b4 Ne4
9. Bxe4 dxe4 10. Ne5 Nxe5 11. Bxe5 Bd6 12. Qg4 Bxe5 13. dxe5 O-O 14. Nxe4 h5 15.
Qf4 Qd5 16. Nc5 Qxg2 17. O-O-O Qxh1 18. Rxh1 Bxh1 19. Qg5 Rad8 20. Qxh5 a5 21.
f4 axb4 22. axb4 Ra8 23. Kb2 Rfd8 24. e4 Rd4 25. Kb3 Bxe4 26. Nxe4 Ra4 27. Ng5
Raxb4+ 28. Ka2 Rxf4 29. Qh7+ Kf8 30. Qh8+ Ke7 31. Qc8 Rfc4 32. Qg8 Rxc2+ 33. Ka3
Rf4 34. Qxg7 Rc3+ 35. Kb2 b4 36. Nh3 Re4 37. Qg5+ Ke8 38. Nf4 Ree3 39. h4 Rf3
40. Ne2 1-0

[Event "Titled Tue 24th Jun Early"]
[Site "chess.com INT"]
[Date "2025.06.24"]
[Round "2"]
[White "Zlatin, Alexander"]
[Black "Steinberg, Nitzan"]
[Result "0-1"]
[WhiteTitle "FM"]
[BlackTitle "GM"]
[WhiteElo "2313"]
[BlackElo "2554"]
[WhiteFideId "2810549"]
[BlackFideId "2801795"]
[EventDate "2025.06.24"]

1. e4 e5 2. Nf3 Nc6 3. Bc4 Bc5 4. c3 Nf6 5. d3 d6 6. Bb3 a6 7. h3 Ba7 8. Nbd2 h6
9. Nf1 O-O 10. g4 Be6 11. Bc2 d5 12. Qe2 d4 13. Ng3 Nh7 14. Nf5 b5 15. h4 dxc3
16. bxc3 b4 17. g5 h5 18. g6 fxg6 19. Ng5 Nxg5 20. hxg5 bxc3 21. Rxh5 gxh5 22.
g6 Bxf2+ 23. Kf1 Bg3 24. Kg1 Rxf5 25. exf5 Qh4 26. fxe6 Nd4 27. Qg2 Rf8 28. e7
Bh2+ 29. Kh1 Rf1+ 30. Qxf1 Bg3+ 0-1

[Event "Titled Tue 24th Jun Early"]
[Site "chess.com INT"]
[Date "2025.06.24"]
[Round "2"]
[White "Domin, Yan"]
[Black "Mecit, Emre"]
[Result "1-0"]
[WhiteTitle "FM"]
[WhiteElo "2222"]
[BlackElo "2007"]
[WhiteFideId "34169342"]
[BlackFideId "6304214"]
[EventDate "2025.06.24"]

1. e4 c5 2. c3 Nf6 3. e5 Nd5 4. Bc4 Nb6 5. Bb3 d5 6. exd6 exd6 7. Nf3 Be7 8. O-O
O-O 9. h3 Nc6 10. d4 cxd4 11. Nxd4 Bf6 12. Be3 d5 13. Na3 Re8 14. Re1 Ne5 15.
Bf4 Nec4 16. Rxe8+ Qxe8 17. Nxc4 dxc4 18. Bc2 g6 19. Qf3 Bg7 20. Rd1 Nd7 21. Nb5
Ne5 22. Bxe5 Bxe5 23. Qd5 a6 24. Nd6 Bxd6 25. Qxd6 Be6 26. Be4 Rb8 27. Bf3 a5
28. Qc7 b6 29. Qa7 Kg7 30. Qc7 Qc8 31. Qe5+ Kg8 32. Rd6 b5 33. Rc6 Qe8 34. Ra6
b4 35. Rxa5 bxc3 36. bxc3 Qd8 37. Kh2 Rc8 38. Ra6 Qc7 39. Qxc7 Rxc7 40. a4 Kg7
41. a5 Kf6 42. Rc6 Ke5 43. Rxc7 1-0

[Event "Titled Tue 24th Jun Early"]
[Site "chess.com INT"]
[Date "2025.06.24"]
[Round "2"]
[White "Yang, Daniel"]
[Black "Goryachkina, Aleksandra"]
[Result "1/2-1/2"]
[WhiteTitle "CM"]
[BlackTitle "GM"]
[WhiteElo "2198"]
[BlackElo "2533"]
[WhiteFideId "30976340"]
[BlackFideId "4147103"]
[EventDate "2025.06.24"]

1. Nf3 Nf6 2. g3 g6 3. Bg2 Bg7 4. O-O O-O 5. c4 d6 6. Nc3 c6 7. d3 Nbd7 8. Rb1
a5 9. a3 e5 10. b4 axb4 11. axb4 h6 12. Nd2 Re8 13. b5 Qc7 14. Bb2 Nc5 15. Nde4
Nfxe4 16. Nxe4 Nxe4 17. Bxe4 Bh3 18. Bg2 Bxg2 19. Kxg2 d5 20. bxc6 bxc6 21. Qc2
d4 22. Ra1 c5 23. Rxa8 Rxa8 24. Ra1 Rb8 25. Ba3 e4 26. Rb1 Ra8 27. Qb3 Qc6 28.
Kg1 h5 29. h4 Be5 30. Bc1 e3 31. f4 Bf6 32. Qb6 Qxb6 33. Rxb6 Kg7 34. Rb1 Ra2
35. Bb2 Bd8 36. Kg2 1/2-1/2

[Event "Titled Tue 24th Jun Early"]
[Site "chess.com INT"]
[Date "2025.06.24"]
[Round "2"]
[White "Abdou Ahmed Alem"]
[Black "Cornelisse, Lorelei"]
[Result "0-1"]
[WhiteTitle "CM"]
[BlackTitle "WFM"]
[WhiteElo "2002"]
[BlackElo "2138"]
[WhiteFideId "19603720"]
[BlackFideId "1087177"]
[EventDate "2025.06.24"]

1. d4 f5 2. Bf4 Nf6 3. e3 g6 4. Bd3 Bg7 5. Nd2 O-O 6. h4 h6 7. c3 d6 8. Ngf3 Qe8
9. Bg3 Nc6 10. e4 Nh5 11. exf5 Nxg3 12. fxg3 Bxf5 13. Bxf5 Rxf5 14. g4 Rf4 15.
Qe2 e5 16. d5 e4 17. dxc6 exf3 18. gxf3 Qxc6 19. O-O Re8 20. Qg2 Qb6+ 21. Kh1
Qxb2 22. Ne4 Qxg2+ 23. Kxg2 d5 24. Nc5 Bxc3 25. Rac1 Bd4 26. Nxb7 Re2+ 27. Kg3
Be5 28. Rf2 Rc4+ 29. Kg2 Rxf2+ 30. Kxf2 Rxc1 31. Nd8 0-1

[Event "Titled Tue 24th Jun Early"]
[Site "chess.com INT"]
[Date "2025.06.24"]
[Round "2"]
[White "Shuvalov, Evgenij"]
[Black "Lerch, Johannes"]
[Result "0-1"]
[BlackTitle "FM"]
[WhiteElo "1986"]
[BlackElo "2204"]
[WhiteFideId "4187237"]
[BlackFideId "1658069"]
[EventDate "2025.06.24"]

1. d4 d5 2. c4 e6 3. Nf3 c6 4. e3 f5 5. Nc3 Nf6 6. Bd3 Bd6 7. O-O O-O 8. b3 Qe7
9. Bb2 Bd7 10. a4 Be8 11. Qc1 Bh5 12. cxd5 Bxf3 13. gxf3 cxd5 14. Ba3 Nc6 15.
Nb5 Bxa3 16. Qxa3 Qxa3 17. Rxa3 Nb4 18. Be2 Rfc8 19. Raa1 Rc2 20. Bd1 Rc6 21.
Be2 a6 22. Na3 Rac8 23. Rfb1 g5 24. Kf1 Kf7 25. a5 h5 26. h3 Ke7 27. Ke1 Kd6 28.
Kd2 Nc2 29. Nxc2 Rxc2+ 30. Kd1 g4 31. hxg4 fxg4 32. fxg4 Nxg4 33. Bxg4 hxg4 34.
Rc1 Rxc1+ 35. Rxc1 Rxc1+ 36. Kxc1 Kc6 37. Kd2 Kb5 38. e4 Kxa5 39. Ke3 Kb4 40. e5
Kxb3 41. Kf4 a5 42. Kxg4 a4 43. f4 a3 44. f5 exf5+ 45. Kxf5 a2 46. e6 a1=Q 47.
Ke5 Kc4 48. e7 Qxd4+ 49. Kd6 Qe4 50. Kd7 Qxe7+ 51. Kxe7 d4 0-1

[Event "Titled Tue 24th Jun Early"]
[Site "chess.com INT"]
[Date "2025.06.24"]
[Round "2"]
[White "Akshat Sureka"]
[Black "Mattenberger, Matthias"]
[Result "1-0"]
[WhiteTitle "FM"]
[BlackTitle "FM"]
[WhiteElo "2339"]
[BlackElo "2286"]
[WhiteFideId "25774492"]
[BlackFideId "1339958"]
[EventDate "2025.06.24"]

1. e4 c5 2. Nc3 d6 3. f4 g6 4. Nf3 Bg7 5. Bc4 Nc6 6. O-O e6 7. d3 Nge7 8. Qe1
O-O 9. f5 gxf5 10. Qh4 Ne5 11. Nxe5 dxe5 12. Bg5 f6 13. Be3 f4 14. Bxc5 Qc7 15.
Bf2 Kh8 16. Nb5 Qb8 17. Bc5 Ng6 18. Qh5 Rd8 19. Rf3 Nf8 20. Rh3 h6 21. Be7 Rd7
22. Bxf8 Bxf8 23. Qe8 Kg7 24. Rg3+ fxg3 25. Qxe6 Bc5+ 26. Kh1 Rd8 27. Qf7+ Kh8
28. Qxf6+ Kh7 29. Qxd8 a6 1-0

[Event "Titled Tue 24th Jun Early"]
[Site "chess.com INT"]
[Date "2025.06.24"]
[Round "2"]
[White "Wahedi, Ahmad Siar"]
[Black "Wu, Jayden"]
[Result "1-0"]
[WhiteTitle "FM"]
[WhiteElo "2239"]
[BlackElo "2061"]
[WhiteFideId "4651260"]
[BlackFideId "30972558"]
[EventDate "2025.06.24"]

1. e4 c5 2. Nf3 d6 3. d4 cxd4 4. Nxd4 Nf6 5. Nc3 a6 6. Be3 e5 7. Nb3 Be6 8. f3
h5 9. Qd2 Nbd7 10. a4 b6 11. Be2 Qc7 12. O-O Be7 13. a5 b5 14. Nd5 Nxd5 15. exd5
Bf5 16. Rfc1 Qb7 17. c3 Rc8 18. Rd1 Nf6 19. Nc1 h4 20. Na2 h3 21. g3 e4 22. f4
Bg4 23. Nb4 Rh5 24. Bxg4 Nxg4 25. Bb6 Nf6 26. Qe2 g6 27. Rd4 Kf8 28. Rad1 Kg7
29. g4 Rhh8 30. g5 Nh5 31. Rxe4 Rhe8 32. Nc6 Bf8 33. Rxe8 1-0

[Event "Titled Tue 24th Jun Early"]
[Site "chess.com INT"]
[Date "2025.06.24"]
[Round "2"]
[White "Zong, Davis"]
[Black "Sobek, Jaroslav"]
[Result "1-0"]
[WhiteTitle "FM"]
[BlackTitle "FM"]
[WhiteElo "2242"]
[BlackElo "2195"]
[WhiteFideId "30903955"]
[BlackFideId "301388"]
[EventDate "2025.06.24"]

1. d4 d5 2. c4 dxc4 3. Nf3 Nf6 4. e3 Be6 5. Na3 c5 6. Nxc4 cxd4 7. Nxd4 Bd5 8.
Ne5 a6 9. Bc4 e6 10. Qa4+ b5 11. Nxb5 axb5 12. Bxb5+ Nfd7 13. Qf4 f6 14. Nxd7
Qa5+ 15. Bd2 Qxb5 16. Nxf8 Rxf8 17. Rc1 Nd7 18. Bc3 1-0

[Event "Titled Tue 24th Jun Early"]
[Site "chess.com INT"]
[Date "2025.06.24"]
[Round "2"]
[White "Kawka, Milena"]
[Black "Frempong-Smart Daniel"]
[Result "1-0"]
[WhiteTitle "WCM"]
[BlackTitle "CM"]
[WhiteElo "2003"]
[BlackElo "1841"]
[WhiteFideId "21095167"]
[BlackFideId "12601659"]
[EventDate "2025.06.24"]

1. Nf3 d5 2. e3 Nf6 3. b3 c5 4. Bb2 Nc6 5. Bb5 Bg4 6. h3 Bxf3 7. Qxf3 e6 8. O-O
Be7 9. d3 O-O 10. Nd2 Qc7 11. e4 Nd4 12. Bxd4 cxd4 13. exd5 exd5 14. b4 Qxc2 15.
Nb3 Qc7 16. Nxd4 Qb6 17. Nf5 Bxb4 18. Ba4 Bc3 19. Rab1 Qa6 20. Bb3 d4 21. Bc4
Qa5 22. Rxb7 Rab8 23. Ne7+ Kh8 24. Nc6 Qc5 25. Rxb8 1-0

[Event "Titled Tue 24th Jun Early"]
[Site "chess.com INT"]
[Date "2025.06.24"]
[Round "2"]
[White "Alonso Rosell, Alvar"]
[Black "Grot, Blazej"]
[Result "1-0"]
[WhiteTitle "GM"]
[BlackTitle "CM"]
[WhiteElo "2536"]
[BlackElo "2187"]
[WhiteFideId "2270544"]
[BlackFideId "21835845"]
[EventDate "2025.06.24"]

1. d4 Nf6 2. c4 e6 3. Nf3 d5 4. g3 Bd6 5. Bg2 Nc6 6. O-O O-O 7. a3 dxc4 8. Nbd2
e5 9. dxe5 Nxe5 10. Nxe5 Bxe5 11. Nxc4 Bd4 12. Bf4 Be6 13. Rc1 c6 14. Bd6 Bxc4
15. Bxf8 Bxb2 16. Rxc4 Qxf8 17. Rb4 Bxa3 18. Rxb7 Bc5 19. Bxc6 Rd8 20. Qb3 h5
21. Rd1 Rxd1+ 22. Qxd1 Bxf2+ 23. Kf1 Bb6 24. Qb3 Ng4 25. Kg2 Ne3+ 26. Kh1 Ng4
27. Rxf7 Qxf7 28. Bd5 Ne5 29. Bxf7+ Nxf7 30. Qe6 Bd4 31. Qc8+ Kh7 32. Qc4 1-0

[Event "Titled Tue 24th Jun Early"]
[Site "chess.com INT"]
[Date "2025.06.24"]
[Round "2"]
[White "Garcia Garcia, Adrian Antonio"]
[Black "Winkels, Marcel"]
[Result "1-0"]
[WhiteTitle "CM"]
[BlackTitle "CM"]
[WhiteElo "2157"]
[BlackElo "1905"]
[WhiteFideId "2206587"]
[BlackFideId "1003887"]
[EventDate "2025.06.24"]

1. e4 d6 2. d4 Nf6 3. Nc3 g6 4. Bg5 Bg7 5. e5 Nfd7 6. f4 O-O 7. Nf3 f6 8. Bc4+
Kh8 9. exf6 exf6 10. Bh4 Nb6 11. Be2 Nc6 12. O-O Bg4 13. d5 Ne7 14. Nd4 Bxe2 15.
Ndxe2 Nf5 16. Bf2 Nc4 17. Qd4 Nxd4 18. Nxd4 Qd7 19. b3 Nb6 20. Ne6 Rfe8 21. Nxg7
Kxg7 22. a4 a5 23. Bxb6 cxb6 24. Nb5 Re2 25. Rfe1 Rae8 26. Rxe2 Rxe2 27. Nd4 Rd2
28. Ne6+ Kf7 29. c4 Re2 30. Nd4 Re4 31. Nb5 Rxf4 32. Re1 Qg4 33. Nxd6+ Kg7 34.
h3 Qg3 35. Re2 Rf1+ 36. Kxf1 Qxd6 37. Re3 Qc5 38. Ke2 Kf7 39. Kd3 Qa3 40. Ke4
Qa2 41. g4 Qf2 42. Rf3 Qc2+ 43. Kd4 Qb2+ 44. Ke4 Ke7 45. Re3 Kd6 46. Kf3 Kc5 47.
Rd3 Kb4 48. d6 f5 49. gxf5 Qf6 50. Rd5 gxf5 51. d7 Qd8 52. Kf4 Kxb3 53. Kxf5
Kxc4 54. Rd1 Kc5 55. Ke6 Kc6 56. Rc1# 1-0

[Event "Titled Tue 24th Jun Early"]
[Site "chess.com INT"]
[Date "2025.06.24"]
[Round "2"]
[White "Grandelius, Nils"]
[Black "Fichter, Fabian"]
[Result "1-0"]
[WhiteTitle "GM"]
[BlackTitle "FM"]
[WhiteElo "2643"]
[BlackElo "2235"]
[WhiteFideId "1710400"]
[BlackFideId "24613258"]
[EventDate "2025.06.24"]

1. d4 d5 2. Nf3 Nf6 3. e3 e6 4. Bd3 c5 5. c3 Nc6 6. Nbd2 Bd6 7. dxc5 Bxc5 8. O-O
O-O 9. e4 dxe4 10. Nxe4 Nxe4 11. Bxe4 Qxd1 12. Rxd1 Rd8 13. Rxd8+ Nxd8 14. Bf4
Bd7 15. Ne5 Be8 16. Rd1 Nc6 17. Nxc6 Bxc6 18. Bxc6 bxc6 19. Rd7 Bb6 20. Kf1 Rd8
21. Rb7 h6 22. Ke2 Rd5 23. b4 c5 24. c4 Rf5 25. bxc5 Rxc5 26. Kd3 Ra5 27. Bd6
Rxa2 28. c5 Rxf2 29. c6 Ba5 30. Bc5 Rxg2 31. Rxa7 Rxh2 32. Rxa5 Rh3+ 33. Kc4
Rh4+ 34. Kb5 1-0

[Event "Titled Tue 24th Jun Early"]
[Site "chess.com INT"]
[Date "2025.06.24"]
[Round "2"]
[White "Dyulgerov, Volen"]
[Black "Rahman, Masruri"]
[Result "0-1"]
[WhiteTitle "CM"]
[BlackTitle "FM"]
[WhiteElo "2200"]
[BlackElo "2407"]
[WhiteFideId "2918978"]
[BlackFideId "7101163"]
[EventDate "2025.06.24"]

1. e4 e6 2. d4 d5 3. Nd2 c5 4. c3 cxd4 5. cxd4 Nf6 6. e5 Nfd7 7. Ngf3 Nc6 8. Bd3
Qb6 9. O-O Nxd4 10. Nxd4 Qxd4 11. Nf3 Qb6 12. a3 Be7 13. b4 O-O 14. Bg5 Qd8 15.
h4 h6 16. Bf4 f5 17. exf6 Bxf6 18. Bd6 Bxa1 19. Qxa1 Rxf3 20. gxf3 Qxh4 21. Rc1
Qg5+ 22. Kf1 Nf6 23. Rc7 Bd7 24. Be5 Rd8 25. Qc3 Ne8 26. Rxb7 Rc8 27. Qd4 Rc1+
28. Ke2 Qg1 29. f4 Qg4+ 0-1

[Event "Titled Tue 24th Jun Early"]
[Site "chess.com INT"]
[Date "2025.06.24"]
[Round "2"]
[White "Svane, Rasmus"]
[Black "Zdorov, Egor Vit"]
[Result "1-0"]
[WhiteTitle "GM"]
[BlackTitle "CM"]
[WhiteElo "2626"]
[BlackElo "2101"]
[WhiteFideId "4657101"]
[BlackFideId "55688560"]
[EventDate "2025.06.24"]

1. c3 e5 2. d4 exd4 3. cxd4 d5 4. Nc3 c6 5. Nf3 Nf6 6. Bg5 Be7 7. e3 h6 8. Bf4
Bf5 9. h3 Nbd7 10. Bd3 Bxd3 11. Qxd3 O-O 12. O-O Re8 13. Rab1 a5 14. Rfe1 Bf8
15. Nd2 b5 16. Rbc1 Nb6 17. b3 Rc8 18. Ne2 Ne4 19. Red1 Bb4 20. Nf3 f6 21. Rc2
Qd7 22. Bh2 a4 23. Rdc1 Ba3 24. Rb1 Bd6 25. Bxd6 Qxd6 26. Rbc1 Rc7 27. Qd1 Rec8
28. Nf4 axb3 29. axb3 Kf7 30. Ne1 Qb4 31. Qh5+ Kg8 32. Rb1 Qe7 33. Ned3 Qf7 34.
Qd1 c5 35. dxc5 Nxc5 36. Nb4 Rd8 37. Rbc1 Ne6 38. Nxe6 Rxc2 39. Nxd8 Rxc1 40.
Qxc1 Qd7 41. Ndc6 1-0

[Event "Titled Tue 24th Jun Early"]
[Site "chess.com INT"]
[Date "2025.06.24"]
[Round "2"]
[White "Aradhya, Garg"]
[Black "Ozen, Batuhan"]
[Result "1-0"]
[WhiteTitle "IM"]
[BlackTitle "CM"]
[WhiteElo "2370"]
[BlackElo "2128"]
[WhiteFideId "25006746"]
[BlackFideId "6345123"]
[EventDate "2025.06.24"]

1. d4 Nf6 2. c4 c5 3. d5 e5 4. Nc3 d6 5. Nf3 Be7 6. e4 O-O 7. Be2 Ne8 8. O-O g6
9. a3 f5 10. b4 b6 11. Bh6 Ng7 12. Qd2 Nd7 13. Ng5 Bxg5 14. Bxg5 Nf6 15. f4 Qe8
16. fxe5 Qxe5 17. Bf4 Qd4+ 18. Qxd4 cxd4 19. Nb5 Nxe4 20. Bd3 Ba6 21. Nxd6 Nxd6
22. Bxd6 Rfe8 23. Rf4 Rad8 24. Bc7 Rd7 25. d6 Ne6 26. Rh4 Nxc7 27. dxc7 Re3 28.
Rd1 Rxc7 29. Rxd4 Kg7 30. Kf2 Ree7 31. Be2 Bb7 32. Bf3 Bxf3 33. Kxf3 a5 34. Rc1
axb4 35. axb4 Rc6 36. b5 Rc5 37. Rd6 Rec7 38. Rxb6 Rxc4 39. Rxc4 Rxc4 40. Rb8
Rb4 41. b6 h6 42. b7 g5 43. Ke3 f4+ 44. Kd3 h5 45. Kc3 Rb1 46. Kd4 Rb5 47. Ke4
Kf7 48. Rh8 Rb4+ 49. Kd3 Rb3+ 50. Kc4 Rxb7 51. Rh7+ Kf6 52. Rxb7 g4 53. Kd4 1-0

[Event "Titled Tue 24th Jun Early"]
[Site "chess.com INT"]
[Date "2025.06.24"]
[Round "2"]
[White "Logachiov, Aleksandr"]
[Black "Sheehan, Ethan"]
[Result "0-1"]
[WhiteTitle "CM"]
[WhiteElo "2129"]
[BlackElo "2364"]
[WhiteFideId "24123706"]
[BlackFideId "30943965"]
[EventDate "2025.06.24"]

1. d4 d5 2. c4 e5 3. dxe5 d4 4. Nf3 Nc6 5. a3 Nge7 6. b4 Ng6 7. Bb2 Ncxe5 8.
Nxe5 Nxe5 9. Qxd4 Qxd4 10. Bxd4 Nxc4 11. e3 Nb6 12. Nd2 Be6 13. Be2 O-O-O 14.
O-O Be7 15. Rac1 Bf6 16. Nf3 Bg4 17. Bxf6 gxf6 18. Rfd1 Rxd1+ 19. Rxd1 Rd8 20.
Rxd8+ Kxd8 21. h3 Bxf3 22. gxf3 Ke7 23. Kg2 Nd7 24. Kg3 c5 25. Kf4 b6 26. Kf5
Ne5 27. f4 Nc6 28. Bb5 Nd8 29. bxc5 bxc5 30. e4 Ne6 31. Bc4 Nd4+ 32. Kg4 Nc2 33.
a4 Na3 34. Be2 c4 35. Kf3 Kd6 36. Ke3 Kc5 37. Kd2 Kd4 38. e5 c3+ 39. Kc1 fxe5
40. fxe5 Kxe5 41. Bd3 h6 42. h4 f6 0-1

[Event "Titled Tue 24th Jun Early"]
[Site "chess.com INT"]
[Date "2025.06.24"]
[Round "2"]
[White "Williams, Simon K"]
[Black "Bezuch, Martin"]
[Result "0-1"]
[WhiteTitle "GM"]
[BlackTitle "FM"]
[WhiteElo "2444"]
[BlackElo "2238"]
[WhiteFideId "404454"]
[BlackFideId "14906333"]
[EventDate "2025.06.24"]

1. c4 g6 2. Nc3 Bg7 3. g3 d6 4. Bg2 Nf6 5. e4 O-O 6. Nge2 e5 7. O-O c6 8. d3
Nbd7 9. h3 Nh5 10. g4 Nhf6 11. f4 exf4 12. Bxf4 Ne8 13. Qd2 Qe7 14. Bh6 Nc7 15.
d4 Ne6 16. Bxg7 Kxg7 17. Ng3 Qg5 18. Qxg5 Nxg5 19. d5 f6 20. dxc6 bxc6 21. Rad1
Nf7 22. Nge2 Rb8 23. b3 Nde5 24. Nd4 Rh8 25. Nf3 h5 26. Nxe5 dxe5 27. gxh5 Rxh5
28. Rd3 Ng5 29. Rd6 Nxh3+ 30. Bxh3 Rxh3 31. Na4 Rg3+ 32. Kh2 Rg5 33. Rdxf6 Bf5 0-1

[Event "Titled Tue 24th Jun Early"]
[Site "chess.com INT"]
[Date "2025.06.24"]
[Round "2"]
[White "Volodin, Alexandr E."]
[Black "Suarez, Sebastian"]
[Result "1-0"]
[WhiteTitle "FM"]
[WhiteElo "2344"]
[BlackElo "2161"]
[WhiteFideId "34268871"]
[BlackFideId "30979080"]
[EventDate "2025.06.24"]

1. e4 c6 2. d4 d5 3. Nc3 dxe4 4. Nxe4 Nf6 5. Nxf6+ exf6 6. c3 Bd6 7. Bd3 O-O 8.
Ne2 Re8 9. O-O Nd7 10. Bf4 Nf8 11. Bxd6 Qxd6 12. Ng3 g6 13. Ne4 Qd8 14. Re1 f5
15. Nf6+ Qxf6 16. Rxe8 b6 17. Qe2 Bb7 18. Rxa8 Bxa8 19. Re1 c5 20. Qe5 Qc6 21.
Bf1 cxd4 22. Qxd4 Ne6 23. Qf6 h5 24. Rd1 Bb7 25. h3 f4 26. Rd3 Ba6 27. Rd8+ Nxd8
28. Qxd8+ Kh7 29. Bxa6 Qe6 30. Qd2 f3 31. Bf1 fxg2 32. Bxg2 Qxa2 33. Bd5 Qb1+
34. Kg2 Qf5 35. Bf3 a5 36. Qd5 Qf6 37. Qb5 Kg7 38. Bc6 Qd8 39. Qe5+ Kh7 40. Bd5
Qd7 41. Qd4 Qc7 42. Qf6 Kg8 43. Qxg6+ Kf8 44. Qxh5 Qd7 45. Qxf7+ Qxf7 46. Bxf7
Kxf7 47. Kf3 Kf6 48. Ke4 b5 49. Kd5 a4 50. Kc5 a3 51. bxa3 1-0

[Event "Titled Tue 24th Jun Early"]
[Site "chess.com INT"]
[Date "2025.06.24"]
[Round "2"]
[White "Murthy, Pappu"]
[Black "Zakin, Ilay"]
[Result "0-1"]
[BlackTitle "FM"]
[WhiteElo "1838"]
[BlackElo "2300"]
[WhiteFideId "2013401"]
[BlackFideId "2848279"]
[EventDate "2025.06.24"]

1. e4 c6 2. d4 d5 3. e5 Bf5 4. h4 h5 5. Bg5 Qa5+ 6. c3 e6 7. Nf3 Be7 8. Bd3 Bxd3
9. Qxd3 Qa6 10. Qe3 Nd7 11. Nbd2 c5 12. Bxe7 Nxe7 13. dxc5 Nf5 14. Qe2 Qxe2+ 15.
Kxe2 Nxc5 16. g3 Kd7 17. Nb3 Na4 18. Rab1 Rhc8 19. Nfd4 Nxd4+ 20. Nxd4 a6 21. f4
g6 22. Kd3 Nc5+ 23. Ke3 Ne4 24. Rhg1 b5 25. a3 Rab8 26. Rbd1 a5 27. Nf3 b4 28.
cxb4 axb4 29. a4 Rc2 30. Nd2 Nc5 31. b3 Rc3+ 32. Ke2 Nxb3 33. Ne4 Rc2+ 34. Kf3
Ke7 35. Nd6 Ra8 36. Rge1 Rxa4 37. Rd3 Nc5 38. Rde3 d4 39. R3e2 Ra3+ 40. Kf2 Nd3+ 0-1

[Event "Titled Tue 24th Jun Early"]
[Site "chess.com INT"]
[Date "2025.06.24"]
[Round "2"]
[White "Bjerre, Jonas Buhl"]
[Black "Seiger, Vidar"]
[Result "1-0"]
[WhiteTitle "GM"]
[BlackTitle "CM"]
[WhiteElo "2651"]
[BlackElo "2224"]
[WhiteFideId "1444948"]
[BlackFideId "1756079"]
[EventDate "2025.06.24"]

1. e4 d6 2. d4 Nf6 3. Nc3 g6 4. Be3 c6 5. Qd2 Nbd7 6. Nf3 b5 7. Bd3 Bg7 8. h3
O-O 9. e5 b4 10. exf6 bxc3 11. Qxc3 Nxf6 12. Qxc6 Rb8 13. b3 Bb7 14. Qa4 Qc7 15.
c4 Ne4 16. O-O Nc3 17. Qa3 Bxf3 18. gxf3 e5 19. dxe5 Bxe5 20. f4 Bg7 21. Rae1
Qd7 22. Kh2 Rb7 23. Bd2 d5 24. c5 d4 25. Qa6 Rc7 26. b4 Nd5 27. Bc4 Bh6 28. Re4
Nc3 29. Re5 Rd8 30. Rfe1 Rf8 31. Bb3 Qd8 32. Qd6 Qh4 33. Kg2 Rcc8 34. Re7 1-0